Reforma de la Constitución política de la República de Chile de 1980: ley 18.825, publicada en el diario oficial del 17 de Agosto de 1989

-д хадгалсан:
Номзүйн дэлгэрэнгүй
Үндсэн зохиолч: Andrade Geywitz, Carlos (Зохиогч)
Формат: Ном
Хэл сонгох:испани
Хэвлэсэн: Santiago Jurídica de Chile 1991
Нөхцлүүд:
Шошгууд: Шошго нэмэх
Шошго байхгүй, Энэхүү баримтыг шошголох эхний хүн болох!

MARC

LEADER 00000nam a2200000 a 4500
001 UCV2462
003 CL-VaPUC
008 920729e19910000CL |||||||||||||||||spa|d
082 0 4 |a 342.8303  |b AND  |2 21 
100 0 |a Andrade Geywitz, Carlos  |e author  |9 296706 
245 1 0 |a Reforma de la Constitución política de la República de Chile de 1980: ley 18.825, publicada en el diario oficial del 17 de Agosto de 1989 
300 |a 339 p 
942 |c BK 
945 |d 19920729 00:00:00 
260 |a Santiago  |b Jurídica de Chile  |c 1991 
650 7 |a CONSTITUCIONES 1980  |2 CL-VaPUC  |9 255656 
650 0 |a Reformas constitucionales   |9 255169 
651 7 |a CHILE  |2 CL-VaPUC  |9 296707 
583 |a last modification  |c 19920729 00:00:00  |k Rodrigo Vera 
999 |c 210024  |d 210022 
952 |0 0  |1 0  |4 0  |6 342_830300000000000_AND_1991  |7 0  |8 A  |9 185969  |a BIBHIS  |b BIBHIS  |d 2019-11-14  |i 253469K  |o 342.8303 AND 1991  |p 253469K  |r 2025-01-20  |w 2019-11-14  |y BK  |k HIS 
952 |0 0  |1 0  |4 0  |6 342_830300000000000_AND_1991  |7 0  |8 A  |9 185970  |a BIBDER  |b BIBDER  |d 2019-11-14  |i 2534703  |o 342.8303 AND 1991  |p 2534703  |r 2023-01-25  |w 2019-11-14  |y BK  |k DER 
952 |0 0  |1 0  |4 0  |6 342_830300000000000_AND_1991  |7 0  |8 A  |9 185971  |a BIBHIS  |b BIBHIS  |d 2019-11-14  |i 3038017  |o 342.8303 AND 1991  |p 3038017  |r 2025-01-20  |w 2019-11-14  |y BK  |k HIS